The social psychology of industry: human relations in the factory (Record no. 432901)

000 -LEADER
fixed length control field 00375cam a22001217a 4500
008 - FIXED-LENGTH DATA ELEMENTS--GENERAL INFORMATION
fixed length control field 180718b1954 xxu||||| |||| 00| 0 eng d
082 ## - DEWEY DECIMAL CLASSIFICATION NUMBER
Classification number K9 B813
100 ## - MAIN ENTRY--PERSONAL NAME
Personal name Brown, J. A. C.
245 ## - TITLE STATEMENT
Title The social psychology of industry: human relations in the factory
Statement of responsibility, etc. by J. A. C. Brown
260 ## - PUBLICATION, DISTRIBUTION, ETC.
Place of publication, distribution, etc. Baltimore
Name of publisher, distributor, etc. Penguine Books
Date of publication, distribution, etc. 1954
300 ## - PHYSICAL DESCRIPTION
Extent 310p.
650 ## - SUBJECT ADDED ENTRY--TOPICAL TERM
Topical term or geographic name entry element Psychology, Industrial
Holdings
Withdrawn status Lost status Damaged status Not for loan Permanent Location Current Location Date acquired Full call number Barcode Date last seen Price effective from Koha item type
        Indian Institute of Public Administration Indian Institute of Public Administration 2010-02-04 K9 B813 1246 2018-07-21 2018-07-21 Book

Powered by Koha